Paroles de chanson : Les Acadiens - Michel Fugain - Statistiques

Statistiques générales
  • Ce quiz a été pris 20 fois
  • Le résultat moyen est 199 sur 265
Statistiques - réponses
Paroles % Correct
a
100%
à
100%
Acadiens,
100%
C'
100%
c'
100%
d'
100%
elles
100%
et
100%
Et
100%
ils
100%
Ils
100%
l'
100%
qu'
100%
qui
100%
Sont
100%
sont
100%
dans
95%
Le
95%
donc ?
95%
donc,
95%
est
95%
la
95%
là.
95%
le
95%
les
95%
Tous
95%
Y
95%
Acadiennes
89%
Américaines,
89%
Américains
89%
Américains,
89%
Ca
89%
ça
89%
de
89%
faute
89%
Napoléon.
89%
que
89%
toutes
89%
ce
84%
chanter,
84%
danser
84%
pas.
84%
sur
84%
vont
84%
des
79%
du
79%
Louisiane
79%
Mais
79%
mais
79%
violon.
79%
un
74%
Amérique
68%
Amérique,
68%
Canada,
68%
en
68%
ne
68%
quand
68%
Quand
68%
chantent
63%
femmes
63%
grand
63%
leur
63%
même
63%
sud
63%
toi.
63%
coin
58%
langue
58%
musique
58%
musique,
58%
plus
58%
pour
58%
Pour
58%
une
58%
celle
53%
changé
53%
change
53%
font
53%
gars,
53%
grand-papa
53%
grand-papa.
53%
font
47%
ont
47%
se
47%
tas
47%
temps-
47%
Thibodeaux.
47%
Thibodeaux,
47%
depuis
42%
encore
42%
peu,
42%
bien
37%
ceux
37%
comme
37%
côté
37%
rêvent
37%
Rufus
37%
soir,
37%
chouette
32%
coton,
32%
finissent
32%
genoux.
32%
joues
32%
journée
32%
manière
32%
mettre
32%
ville
32%
avait
26%
crème
26%
cueillette
26%
dollars
26%
doux,
26%
écouter
26%
jours
26%
pensait
26%
poignée
26%
repeupler
26%
six
26%
Alors,
21%
blanc,
21%
bossé
21%
foncent
21%
montent
21%
rêvée
21%
vieille
21%
dévalués
16%
file
16%
oublier
16%
sauter,
16%
Oldsmobile
11%
Aucun quiz correspondant
Distribution des résultats
% des personnes avec chaque résultat
Percentile par nombre de réponses
Votre historique - résultats
Vous n’avez pas pris ce quiz